Quiz sulla Sardegna - Statistics

Statistiche generali
  • Questo quiz è stato fatto 1.683 volte
  • Il punteggio medio è 18 su 35
Statistiche sulle risposte
Definizioni Risposte % Corretto
Capoluogo di Regione Cagliari
99%
Isola estera che dista pochi Km dalla Sardegna Corsica
93%
Altre Province Sassari
93%
Mare che bagna la Regione ad est Mar Tirreno
87%
Altre Province Nuoro
85%
Altre Province Oristano
80%
La Sardegna è una delle 5 Regioni italiane con questo status A {Statuto Speciale}
79%
Altre Province Sud Sardegna
75%
Città il cui porto è il primo in Italia per traffico passeggeri sulle tratte a lungo raggio Olbia
73%
Antiche costruzioni neolitiche tipiche della Sardegna Nuraghi
69%
Tratto costiero diventata un luogo di elezione del jet set internazionale Costa {Smeralda}
66%
Arcipelago a nord-est della Sardegna con l'isola di Caprera La {Maddalena}
64%
Stretto di mare che separa le due isole Bocche di {Bonifacio}
57%
Pane sardo a sfoglia forma di disco molto sottile Carasau
57%
Emblema presente sulla bandiera regionale Quattro Mori
55%
Città della costa nordoccidentale che dà il titolo ad una canzone di Giuni Russo Alghero
53%
Massiccio con le vette più alte della Regione Gennargentu
51%
Isola che ospitò un carcere di massima sicurezza Asinara
45%
Su quest'isola passò gli ultimi anni di vita questo storico personaggio Giuseppe Garibaldi
42%
Pianta aromatica con la quale in Sardegna viene realizzato un liquore popolare Mirto
42%
Calciatore sardo che giocò nel Chelsea e dove venne soprannominato "Magic Box" Gianfranco Zola
39%
Autrice sarda insignita del premio Nobel per la letteratura Grazia Deledda
39%
Dolce di pasta fritta con ripieno di pecorino e miele Seada
34%
Politico sardo fondatore del PCI arrestato dai fascisti e morto in carcere Antonio Gramsci
32%
Materiale derivante da particolari alberi con la quale in Sardegna sono prodotti degli oggetti artigianali Sughero
32%
Tipico formato di pasta di semola "a pallini" spesso cucinata con arselle Fregola
30%
In questa città si parla una variante di questa lingua neolatina Catalano
28%
La più estesa pianura della Sardegna Campidano
27%
Vino rosso DOC il cui nome ricorda un arma esplosiva Cannonau
27%
Tipico formato di pasta detti anche gnocchetti sardi Malloreddus
26%
Area del sud-ovest con Carbonia Sulcis
22%
Nomi dei due fiumi sardi più lunghi Flumendosa
21%
Nomi dei due fiumi sardi più lunghi Tirso
20%
Nome greco della Sardegna Ichnusa
19%
Zona geografica di cui questa città è il centro principale Gallura
17%
Nessun quiz corrispondente trovato
Distribuzione punteggi
Percentuale di utenti per punteggio
Percentile per numero di risposta
I tuoi punteggi nel tempo
Non hai fatto questo quiz